<?xml version="1.0" encoding="UTF-8"?>
<record
    xmlns:xsi="http://www.w3.org/2001/XMLSchema-instance"
    xsi:schemaLocation="http://www.loc.gov/MARC21/slim http://www.loc.gov/standards/marcxml/schema/MARC21slim.xsd"
    xmlns="http://www.loc.gov/MARC21/slim">

  <leader>01795nam a22001817a 4500</leader>
  <controlfield tag="005">20250724154823.0</controlfield>
  <controlfield tag="008">250724b        |||||||| |||| 00| 0 eng d</controlfield>
  <datafield tag="020" ind1=" " ind2=" ">
    <subfield code="a">9781852079451</subfield>
    <subfield code="q">hbk</subfield>
  </datafield>
  <datafield tag="041" ind1=" " ind2=" ">
    <subfield code="a">eng</subfield>
  </datafield>
  <datafield tag="082" ind1=" " ind2=" ">
    <subfield code="a">951.24904</subfield>
    <subfield code="b">JAR</subfield>
  </datafield>
  <datafield tag="100" ind1=" " ind2=" ">
    <subfield code="a">Jarman Robert L.</subfield>
  </datafield>
  <datafield tag="245" ind1=" " ind2=" ">
    <subfield code="a">Taiwan Political And Economic Reports 1861-1960 10 Volume Hardback Set </subfield>
    <subfield code="b">: v. 1. 1861-1875 v. 2. 1876-1880 v. 3. 1881-1885 v. 4. 1886-1893 v. 5. 1894-1899 v. 6. 1900-1923 v. 7. 1924-1941 v. 8. 1945-1949 v. 9. 1950-1951 v. 10. 1952-1960.</subfield>
    <subfield code="c">Robert L. Jarman</subfield>
  </datafield>
  <datafield tag="260" ind1=" " ind2=" ">
    <subfield code="b"> Cambridge Archive Editions</subfield>
  </datafield>
  <datafield tag="300" ind1=" " ind2=" ">
    <subfield code="a">7000p.</subfield>
    <subfield code="c">10 v. : ill. ; 26 cm.</subfield>
  </datafield>
  <datafield tag="500" ind1=" " ind2=" ">
    <subfield code="a">v. 1. 1861-1875
v. 2. 1876-1880
v. 3. 1881-1885
v. 4. 1886-1893
v. 5. 1894-1899
v. 6. 1900-1923
v. 7. 1924-1941
v. 8. 1945-1949
v. 9. 1950-1951
v. 10. 1952-1960.</subfield>
  </datafield>
  <datafield tag="520" ind1=" " ind2=" ">
    <subfield code="a">These volumes provide an extensive and reliable research source for study of a 100-year period of Taiwanese history. The early reports cover the nineteenth-century years of Formosa as a part of China, as well as the brief period of independence in 1895, followed by the period up to World War II as a Japanese colony. The post-war reports are valuable in documenting the struggle between the Kuomintang, led by Chiang-kai-shek, and the Communist forces of Mao-tse-tung. The Nationalists, defeated on the mainland, brought to Taiwan the flag which had been adopted as the national flag of China from 1928-1949. These reports provide contemporary accounts of the military tensions of the early 1950s, the rivalry over the Chinese heritage and the unresolved status of Taiwan. The reports give a balanced picture of the different political and ethnic constituents in Taiwanese history, with information on the Chinese, Japanese and aboriginal communities.</subfield>
  </datafield>
  <datafield tag="942" ind1=" " ind2=" ">
    <subfield code="c">REF</subfield>
  </datafield>
  <datafield tag="999" ind1=" " ind2=" ">
    <subfield code="c">577295</subfield>
    <subfield code="d">577295</subfield>
  </datafield>
  <datafield tag="952" ind1=" " ind2=" ">
    <subfield code="0">0</subfield>
    <subfield code="1">0</subfield>
    <subfield code="4">0</subfield>
    <subfield code="7">0</subfield>
    <subfield code="a">ACL</subfield>
    <subfield code="b">ACL</subfield>
    <subfield code="c">7B</subfield>
    <subfield code="d">2025-07-24</subfield>
    <subfield code="l">0</subfield>
    <subfield code="o">951.24904 JAR</subfield>
    <subfield code="p">198488</subfield>
    <subfield code="r">2025-07-24 15:48:11</subfield>
    <subfield code="w">2025-07-24</subfield>
    <subfield code="y">REF</subfield>
  </datafield>
  <datafield tag="952" ind1=" " ind2=" ">
    <subfield code="0">0</subfield>
    <subfield code="1">0</subfield>
    <subfield code="4">0</subfield>
    <subfield code="7">0</subfield>
    <subfield code="a">ACL</subfield>
    <subfield code="b">ACL</subfield>
    <subfield code="c">7B</subfield>
    <subfield code="d">2025-07-24</subfield>
    <subfield code="l">0</subfield>
    <subfield code="o">951.24904 JAR</subfield>
    <subfield code="p">198489</subfield>
    <subfield code="r">2025-07-24 15:53:36</subfield>
    <subfield code="w">2025-07-24</subfield>
    <subfield code="y">REF</subfield>
  </datafield>
  <datafield tag="952" ind1=" " ind2=" ">
    <subfield code="0">0</subfield>
    <subfield code="1">0</subfield>
    <subfield code="4">0</subfield>
    <subfield code="7">0</subfield>
    <subfield code="a">ACL</subfield>
    <subfield code="b">ACL</subfield>
    <subfield code="c">7B</subfield>
    <subfield code="d">2025-07-24</subfield>
    <subfield code="l">0</subfield>
    <subfield code="o">951.24904 JAR</subfield>
    <subfield code="p">198490</subfield>
    <subfield code="r">2025-07-24 15:54:00</subfield>
    <subfield code="w">2025-07-24</subfield>
    <subfield code="y">REF</subfield>
  </datafield>
  <datafield tag="952" ind1=" " ind2=" ">
    <subfield code="0">0</subfield>
    <subfield code="1">0</subfield>
    <subfield code="4">0</subfield>
    <subfield code="7">0</subfield>
    <subfield code="a">ACL</subfield>
    <subfield code="b">ACL</subfield>
    <subfield code="c">7B</subfield>
    <subfield code="d">2025-07-24</subfield>
    <subfield code="l">0</subfield>
    <subfield code="o">951.24904 JAR</subfield>
    <subfield code="p">198491</subfield>
    <subfield code="r">2025-07-24 15:54:24</subfield>
    <subfield code="w">2025-07-24</subfield>
    <subfield code="y">REF</subfield>
  </datafield>
  <datafield tag="952" ind1=" " ind2=" ">
    <subfield code="0">0</subfield>
    <subfield code="1">0</subfield>
    <subfield code="4">0</subfield>
    <subfield code="7">0</subfield>
    <subfield code="a">ACL</subfield>
    <subfield code="b">ACL</subfield>
    <subfield code="c">7B</subfield>
    <subfield code="d">2025-07-24</subfield>
    <subfield code="l">0</subfield>
    <subfield code="o">951.24904 JAR</subfield>
    <subfield code="p">198492</subfield>
    <subfield code="r">2025-07-24 15:54:40</subfield>
    <subfield code="w">2025-07-24</subfield>
    <subfield code="y">REF</subfield>
  </datafield>
  <datafield tag="952" ind1=" " ind2=" ">
    <subfield code="0">0</subfield>
    <subfield code="1">0</subfield>
    <subfield code="4">0</subfield>
    <subfield code="7">0</subfield>
    <subfield code="a">ACL</subfield>
    <subfield code="b">ACL</subfield>
    <subfield code="c">7B</subfield>
    <subfield code="d">2025-07-24</subfield>
    <subfield code="l">0</subfield>
    <subfield code="o">951.24904 JAR</subfield>
    <subfield code="p">198493</subfield>
    <subfield code="r">2025-07-24 15:55:12</subfield>
    <subfield code="w">2025-07-24</subfield>
    <subfield code="y">REF</subfield>
  </datafield>
  <datafield tag="952" ind1=" " ind2=" ">
    <subfield code="0">0</subfield>
    <subfield code="1">0</subfield>
    <subfield code="4">0</subfield>
    <subfield code="7">0</subfield>
    <subfield code="a">ACL</subfield>
    <subfield code="b">ACL</subfield>
    <subfield code="c">7B</subfield>
    <subfield code="d">2025-07-24</subfield>
    <subfield code="l">0</subfield>
    <subfield code="o">951.24904 JAR</subfield>
    <subfield code="p">198494</subfield>
    <subfield code="r">2025-07-24 15:56:02</subfield>
    <subfield code="w">2025-07-24</subfield>
    <subfield code="y">REF</subfield>
  </datafield>
  <datafield tag="952" ind1=" " ind2=" ">
    <subfield code="0">0</subfield>
    <subfield code="1">0</subfield>
    <subfield code="4">0</subfield>
    <subfield code="7">0</subfield>
    <subfield code="a">ACL</subfield>
    <subfield code="b">ACL</subfield>
    <subfield code="c">7B</subfield>
    <subfield code="d">2025-07-24</subfield>
    <subfield code="l">0</subfield>
    <subfield code="o">951.24904 JAR</subfield>
    <subfield code="p">198495</subfield>
    <subfield code="r">2025-07-24 15:56:22</subfield>
    <subfield code="w">2025-07-24</subfield>
    <subfield code="y">REF</subfield>
  </datafield>
  <datafield tag="952" ind1=" " ind2=" ">
    <subfield code="0">0</subfield>
    <subfield code="1">0</subfield>
    <subfield code="4">0</subfield>
    <subfield code="7">0</subfield>
    <subfield code="a">ACL</subfield>
    <subfield code="b">ACL</subfield>
    <subfield code="c">7B</subfield>
    <subfield code="d">2025-07-24</subfield>
    <subfield code="l">0</subfield>
    <subfield code="o">951.24904 JAR</subfield>
    <subfield code="p">198496</subfield>
    <subfield code="r">2025-07-24 15:56:41</subfield>
    <subfield code="w">2025-07-24</subfield>
    <subfield code="y">REF</subfield>
  </datafield>
  <datafield tag="952" ind1=" " ind2=" ">
    <subfield code="0">0</subfield>
    <subfield code="1">0</subfield>
    <subfield code="4">0</subfield>
    <subfield code="7">0</subfield>
    <subfield code="a">ACL</subfield>
    <subfield code="b">ACL</subfield>
    <subfield code="c">7B</subfield>
    <subfield code="d">2025-07-24</subfield>
    <subfield code="l">0</subfield>
    <subfield code="o">951.24904 JAR</subfield>
    <subfield code="p">198497</subfield>
    <subfield code="r">2025-07-24 15:56:57</subfield>
    <subfield code="w">2025-07-24</subfield>
    <subfield code="y">REF</subfield>
  </datafield>
</record>
